00446nam a2200109Ia 4500008004100000050002400041100002100065245010800086260008600194300003300280521002300313140724s9999 xx 000 0 und d aHF 6146b.C574 2014 aCinco, Karina S. aI heart human nature :ba campaign on below the line advertising using social media /cKarina S. Cinco. aLas Piñas, Philippines :bSouthville International School and Colleges,cc2014. a92 p. :bcol. Ill. ;c28 cm. aMass Communication